"Bayern baut auf," Begrüssungsansprache und Bericht des bayerischen Ministerpräsidenten Wihelm Högner auf der ersten Sitzung des Bayerischen Beratenden Landesausschusses am 1926. Februar 1946.
Saved in:
| 主要作者: | |
|---|---|
| 格式: | 图书 |
| 语言: | German |
| 出版: |
[München,
1946]
|
| 主题: | |
| 标签: |
添加标签
没有标签, 成为第一个标记此记录!
|
| LEADER | 00783nam a2200217I 4500 | ||
|---|---|---|---|
| 001 | 001492425-0 | ||
| 005 | 20020606090541.3 | ||
| 008 | 760221s1946 gw ac 00010 ger | ||
| 010 | |a 48020518 | ||
| 035 | 0 | |a ocm02004591 | |
| 040 | |a DLC |c CIN |d CRL | ||
| 050 | |a DD801.B423 |b H6 | ||
| 082 | |a 943.3 | ||
| 100 | 1 | |a Hoegner, Wilhelm, |d 1887- | |
| 245 | 1 | 0 | |a "Bayern baut auf," Begrüssungsansprache und Bericht des bayerischen Ministerpräsidenten Wihelm Högner auf der ersten Sitzung des Bayerischen Beratenden Landesausschusses am 1926. Februar 1946. |
| 260 | 0 | |a [München, |c 1946] | |
| 300 | |a 21 p. |b illus., ports. |c 21 cm. | ||
| 650 | 0 | |a Reconstruction (1939-1951) |z Germany |z Bavaria. | |
| 651 | 0 | |a Bavaria (Germany) |x Politics and government |y 1918-1945. | |
| 988 | |a 20020608 | ||
| 906 | |0 DLC | ||


